000 00491pab a2200205 454500
008 180718b2007 xxu||||| |||| 00| 0 eng d
100 _aSivasubramaniyan, K.
245 _aLand and water productivity in tank irrigation
260 _c2007
300 _ap.35-69.
362 _aJan-Jun
650 _aTank
650 _aWater
650 _aLand
650 _aIrrigation
700 _aSakthivadivel, R.
773 _aReview of Development and Change
908 _aN
909 _a76110
999 _c76110
_d76110